The UK's Global Gas Challenge (Record no. 115259)

MARC details
000 -LEADER
fixed length control field 01061cad a22002055a 4500
001 - CONTROL NUMBER
control field L158311
008 - FIXED-LENGTH DATA ELEMENTS--GENERAL INFORMATION
fixed length control field 141205s2014 xxk f 000 0 eng d
035 ## - SYSTEM CONTROL NUMBER
System control number (Sirsi) u158311
041 0# - LANGUAGE CODE
Language code of text/sound track or separate title eng
110 2# - MAIN ENTRY--CORPORATE NAME
Corporate name or jurisdiction name as entry element UK Energy Research Centre
9 (RLIN) 5881
245 04 - TITLE STATEMENT
Title The UK's Global Gas Challenge
Remainder of title Research Report
Medium [electronic resource]
260 ## - PUBLICATION, DISTRIBUTION, ETC.
Date of publication, distribution, etc. 2014
520 ## - SUMMARY, ETC.
Summary, etc. Research finds that shale gas is unlikely to become a primary energy resource within the next 10 years and that the UK was not likely to follow the United States of America whose shale gas industry has contributed to increasing energy self-sufficiency. This suggests that given the predicted timetable for the implementation of shale gas drilling in the UK the resource will not provide a quick fix for possible energy shortages in the future.
590 ## - LOCAL NOTE (RLIN)
Local note KA
651 #4 - SUBJECT ADDED ENTRY--GEOGRAPHIC NAME
Geographic name United Kingdom
690 ## - LOCAL SUBJECT ADDED ENTRY--TOPICAL TERM (OCLC, RLIN)
Topical term or geographic name as entry element Energy
9 (RLIN) 6237
690 ## - LOCAL SUBJECT ADDED ENTRY--TOPICAL TERM (OCLC, RLIN)
Topical term or geographic name as entry element Environment
9 (RLIN) 6238
856 40 - ELECTRONIC LOCATION AND ACCESS
Uniform Resource Identifier <a href="https://www.ukerc.ac.uk/support/tiki-download_file.php?fileId=3717">https://www.ukerc.ac.uk/support/tiki-download_file.php?fileId=3717</a>
Public note View the item free of charge at: www.ukerc.ac.uk
942 ## - ADDED ENTRY ELEMENTS (KOHA)
Suppress in OPAC 0
Holdings
Withdrawn status Lost status Source of classification or shelving scheme Damaged status Not for loan Home library Current library Shelving location Date acquired Total Checkouts Full call number Barcode Date last seen Copy number Price effective from Koha item type
    Dewey Decimal Classification     Virtual Virtual Online 05/12/2014   ONLINE PUBLICATION 158311-2001 06/08/2019 1 06/08/2019 Book